New insights in astrophysics (Record no. 10751)

MARC details
000 -LEADER
fixed length control field 00902nam a2200229Ia 4500
003 - CONTROL NUMBER IDENTIFIER
control field IN-BaIIA
008 - FIXED-LENGTH DATA ELEMENTS--GENERAL INFORMATION
fixed length control field 211028s9999 xx 000 0 eng d
020 ## - INTERNATIONAL STANDARD BOOK NUMBER
International Standard Book Number 0379-6566
040 ## - CATALOGING SOURCE
Transcribing agency IIA Library
080 ## - UNIVERSAL DECIMAL CLASSIFICATION NUMBER
Universal Decimal Classification number 524(082.2)
Item number ESA
111 ## - MAIN ENTRY--MEETING NAME
Meeting name or jurisdiction name as entry element International Symposium on New Insights in Astrophysics
Location of meeting London
Date of meeting or treaty signing 1986 July 14-16
9 (RLIN) 18341
245 #0 - TITLE STATEMENT
Title New insights in astrophysics
Remainder of title proceedings of an International symposium held at University College London, 14-16-July, 1986
Statement of responsibility, etc. compiled by E. J. Rolfe
260 ## - PUBLICATION, DISTRIBUTION, ETC.
Place of publication, distribution, etc. France,
Name of publisher, distributor, etc. European Space Agency
Date of publication, distribution, etc. 1986
300 ## - PHYSICAL DESCRIPTION
Extent xv, 724 p.
490 ## - SERIES STATEMENT
Series statement ESA SP-263
650 ## - SUBJECT ADDED ENTRY--TOPICAL TERM
Topical term or geographic name entry element Astronomy and Astrophysics Thesaurus
650 ## - SUBJECT ADDED ENTRY--TOPICAL TERM
Topical term or geographic name entry element Astrophysics
9 (RLIN) 794
650 ## - SUBJECT ADDED ENTRY--TOPICAL TERM
Topical term or geographic name entry element International Ultraviolet Explorer
9 (RLIN) 12266
700 ## - ADDED ENTRY--PERSONAL NAME
Personal name Rolfe, E. J. comp.
9 (RLIN) 13650
710 ## - ADDED ENTRY--CORPORATE NAME
Corporate name or jurisdiction name as entry element National Aeronautics and Space Administration.
9 (RLIN) 4960
942 ## - ADDED ENTRY ELEMENTS (KOHA)
Koha item type Books
Holdings
Withdrawn status Lost status Damaged status Not for loan Home library Current library Shelving location Date acquired Total Checkouts Full call number Barcode Date last seen Price effective from Koha item type
        IIA Library-Bangalore IIA Library-Bangalore General Stacks 04/08/1993   524(082.2)/ ESA 11662 05/11/2021 04/08/1993 Books

Powered by Koha